000 00240nam a22001217a 4500
040 _cSY
082 _a631
100 _aPRENTICE
245 _aThe nature and properties of soils
260 _aRUA
_bPRE
_c2001
300 _a621p.
942 _cEK
999 _c9632
_d9632